Meister der Regionalliga West - Statistiken

Allgemein
  • Dieses Quiz wurde 129 mal gespielt
  • Das Durchschnittsergebnis liegt bei 19 aus 25
Antwortstatistiken
Jahr Meister Vizemeister % Korrekt
1973 Rot-Weiss Essen SC Fortuna Köln
98%
2022 Rot-Weiss Essen Preußen Münster
98%
2014 SC Fortuna Köln Sportfreunde Lotte
95%
2019 FC Viktoria Köln Rot-Weiß Oberhausen
93%
2009 Borussia Dortmund II 1. FC Kaiserslautern II
92%
2012 Borussia Dortmund II Sportfreunde Lotte
92%
2021 Borussia Dortmund II Rot-Weiss Essen
92%
2017 FC Viktoria Köln Borussia Dortmund II
92%
2011 Preußen Münster Eintracht Trier
87%
1969 Rot-Weiß Oberhausen Rot-Weiss Essen
86%
1964 Alemannia Aachen Wuppertaler SV
84%
1967 Alemannia Aachen Schwarz-Weiß Essen
84%
2013 Sportfreunde Lotte SC Fortuna Köln
83%
2016 Sportfreunde Lotte Borussia Mönchengladbach II
83%
1972 Wuppertaler SV Rot-Weiss Essen
80%
1966 Fortuna Düsseldorf Rot-Weiss Essen
71%
1970 VfL Bochum Arminia Bielefeld
66%
1971 VfL Bochum Fortuna Düsseldorf
66%
1965 Borussia Mönchengladbach Alemannia Aachen
64%
2015 Borussia Mönchengladbach II Alemannia Aachen
64%
2018 KFC Uerdingen 05 FC Viktoria Köln
60%
1968 Bayer 04 Leverkusen Rot-Weiss Essen
54%
1974 SG Wattenscheid 09 Rot-Weiß Oberhausen
54%
2010 1. FC Saarbrücken Sportfreunde Lotte
52%
2020 SV Rödinghausen SC Verl
46%
Keine übereinstimmenden Quizze gefunden
Verteilung der Resultate
Anzahl Personen mit jedem Resultat
Perzentil nach korrekt beantworteten Fragen
Ihre Resultats-Entwicklung
Sie haben dieses Quiz noch nicht gespielt